A jugar aprender y disfrutar con adivinanzas, trabalenguas y refranes (Record no. 8731)
[ view plain ]
| 000 -LEADER | |
|---|---|
| campo de control de longitud fija | 00424nam a2200133Ia 4500 |
| 001 - NÚMERO DE CONTROL | |
| campo de control | 818 |
| 008 - DATOS DE LONGITUD FIJA--INFORMACIÓN GENERAL | |
| campo de control de longitud fija | 241024s9999 xx 000 0 und d |
| 082 ## - NÚMERO DE LA CLASIFICACIÓN DECIMAL DEWEY | |
| Número de clasificación | RD/372.1/R426a |
| 100 ## - ENTRADA PRINCIPAL--NOMBRE DE PERSONA | |
| Nombre de persona | República Dominicana.Secretaría de Estado de Educación y Cultura |
| 245 #2 - MENCIÓN DEL TÍTULO | |
| Título | A jugar aprender y disfrutar con adivinanzas, trabalenguas y refranes |
| 260 ## - PUBLICACIÓN, DISTRIBUCIÓN, ETC. | |
| Nombre del editor, distribuidor, etc. | [*SIN EDITORIAL*] |
| Fecha de publicación, distribución, etc. | 2006 |
| 901 ## - ELEMENTOS DE DATOS A LOCAL LDA (RLIN) | |
| a | 3/12/2010 10:35:08 a.m. |
No items available.